000 00878nam a2200253 i 4500
001 bg
245 0 0 _aExcel w finansach i zarządzaniu /
_c[pod red. Mirosławy Lasek ; aut. rozdz. Mirosława Lasek et al.] ; Wyższa Szkoła Finansów i Zarządzania w Białymstoku.
260 _aBiałystok :
_bWSFiZ,
_c2000.
300 _a173, [2] s. :
_bil. ;
_c24 cm.
500 _aNa s. [175] podtyt.: praca zbiorowa i nazwy aut.
504 _aBibliogr.
650 9 _aExcel
655 _aPodręczniki
700 1 _aLASEK, Mirosława
_d(1955- ).
_eRed.
710 0 _aWyższa Szkoła Finansów i Zarządzania (Białystok)
020 _a8387256110
040 _cBPK
041 0 _apl
080 _a004.42(07)
920 _a83-87256-11-0
942 _cKS
008 s pl f |000 0 pol
999 _c41783
_d41783
856 _uhttp://koha.tu.koszalin.pl/cgi-bin/koha/opac-detail.pl?biblionumber=41783
_yKatalog online BPK